Digest of state laws relating to public education in force January 1, 1915. (Record no. 19967)

MARC details
000 -LEADER
fixed length control field 01002cam a22002651 4500
001 - CONTROL NUMBER
control field e 16000279
003 - CONTROL NUMBER IDENTIFIER
control field DLC
005 - DATE AND TIME OF LATEST TRANSACTION
control field 20260227111206.0
008 - FIXED-LENGTH DATA ELEMENTS--GENERAL INFORMATION
fixed length control field 830310s1916 wau 000 0 eng
010 ## - LIBRARY OF CONGRESS CONTROL NUMBER
LC control number e 16000279
035 ## - SYSTEM CONTROL NUMBER
System control number (OCoLC)9300564
040 ## - CATALOGING SOURCE
Original cataloging agency DLC
Transcribing agency OU
Modifying agency DLC
042 ## - AUTHENTICATION CODE
Authentication code premarc
050 00 - LIBRARY OF CONGRESS CALL NUMBER
Classification number L111
Item number .A6 1915, no. 47
051 ## - LIBRARY OF CONGRESS COPY, ISSUE, OFFPRINT STATEMENT
Classification number LB2515
Item number 1915
100 1# - MAIN ENTRY--PERSONAL NAME
Personal name Hood, William R.
Fuller form of name (William Ross),
Dates associated with a name 1874-
245 10 - TITLE STATEMENT
Title Digest of state laws relating to public education in force January 1, 1915.
Statement of responsibility, etc. Comp. by William R. Hood, with the assistance of Stephen B. Weeks and A. Sidney Ford.
260 ## - PUBLICATION, DISTRIBUTION, ETC.
Place of publication, distribution, etc. Washington,
Name of publisher, distributor, etc. Govt. print. off.,
Date of publication, distribution, etc. 1916.
300 ## - PHYSICAL DESCRIPTION
Extent 987 p.
Dimensions 24 cm.
410 10 - SERIES STATEMENT/ADDED ENTRY--CORPORATE NAME [OBSOLETE, CAN/MARC], [LOCAL, USA]
Corporate name or jurisdiction name as entry element United States.
Subordinate unit Bureau of Education.
Title of a work Bulletin,
Volume number/sequential designation 1915, no. 47
500 ## - GENERAL NOTE
General note At head of title: Department of the interior ...
650 #0 - SUBJECT ADDED ENTRY--TOPICAL TERM
Topical term or geographic name entry element Educational law and legislation
Geographic subdivision United States
General subdivision States.
700 1# - ADDED ENTRY--PERSONAL NAME
Personal name Weeks, Stephen Beauregard,
Dates associated with a name 1865-1918.
700 1# - ADDED ENTRY--PERSONAL NAME
Personal name Ford, A. Sidney
Fuller form of name (Algernon Sidney)

No items available.

Powered by Koha